000 00498nam a2200193 i 4500
001 bgj
100 1 _aSTRITTMATTER, Erwin.
245 1 0 _aDer Wundertäter :
_bRoman
_nBd. 1 /
_cErwin Strittmatter.
250 _a20. Aufl.
260 _aBerlin ;
_aWeimar :
_bAufbau-Verlag,
_c1974.
300 _a438, [1] s. ;
_c20 cm.
650 9 _aPowieść niemiecka
040 _cBPK
041 0 _ager
044 _aDEU
080 _a821.112.2-3
942 _cKS
008 s gw f |000 0 ger
999 _c50570
_d50570
856 _uhttp://koha.tu.koszalin.pl/cgi-bin/koha/opac-detail.pl?biblionumber=50570
_yKatalog online BPK